The rockhound's handbook /

Bibliographic Details
Main Author: Firsoff, V. A. (Valdemar Axel), 1912-1981
Other Authors: Firsoff, G. I.
Format: Book
Language:English
Published: New York : Arco Pub. Co., [1975]
Subjects:

MARC

Tag First Indicator Second Indicator Subfields
LEADER 00000cam a2200000 i 4500
001 in00000331721
005 20151011060327.0
008 751027s1975 nyua 00110 eng d
010 |a  75003946  
020 |a 0668037997 :  |c 10.00 
035 |a (OCoLC)01736721 
035 |9 ABM5464AM 
040 |a DMM  |c DMM  |d TXA  |d UtOrBLW 
049 |a TXAM  |c [1555377] 
090 |a QE433.6  |b .F57 1975a 
100 1 |a Firsoff, V. A.  |q (Valdemar Axel),  |d 1912-1981. 
245 1 4 |a The rockhound's handbook /  |c V. A. Firsoff and G. I. Firsoff ; illustrated by the authors. 
264 1 |a New York :  |b Arco Pub. Co.,  |c [1975] 
264 4 |c ©1975 
300 |a 210 pages :  |b illustrations ;  |c 23 cm. 
336 |a text  |b txt  |2 rdacontent 
337 |a unmediated  |b n  |2 rdamedia 
338 |a volume  |b nc  |2 rdacarrier 
500 |a Includes index. 
504 |a Bibliography: pages 206-207. 
650 0 |a Rocks  |x Collection and preservation  |x Handbooks, manuals, etc. 
650 0 |a Minerals  |x Collection and preservation  |x Handbooks, manuals, etc. 
700 1 |a Firsoff, G. I. 
999 |a MARS 
999 f f |s 0265bc6d-ad86-31e2-bd6e-f7c3300a8e85  |i ca26673e-ee8f-3e9e-ab35-d64ef7366d02  |t 0 
952 f f |p ric  |a Texas A&M University  |b Rellis Campus  |c Joint Library Facility  |d Remote Storage  |t 0  |e QE433.6 .F57 1975a  |h Library of Congress classification  |i unmediated -- volume  |m A14804788047 
998 f f |a QE433.6 .F57 1975a  |t 0  |l Remote Storage